Villes de France selon leur nom romain - Statistiques

Statistiques générales
  • Ce quiz a été pris 376 fois
  • Le résultat moyen est 10 sur 30
Statistiques - réponses
Hint Réponse % Correct
MASSILIA Marseille
98%
TOLOSA Toulouse
97%
LVGDVNVM Lyon
85%
NARBO MARTIVS Narbonne
83%
VIENNA Vienne
80%
BVRDIGALA Bordeaux
78%
LVTETIA Paris
70%
ARELATE Arles
53%
NEMAVSVS Nîmes
46%
AGINNVM Agen
39%
CONDATE RIEDONVM Rennes
37%
ARGENTORATVM Strasbourg
33%
TELO MARTIVS Toulon
25%
DVROCORTORVM Reims
23%
VESONTIO Besançon
20%
DIVIO Dijon
20%
MEDIOLANVM SANTONVM Saintes
18%
AVROSIO Orange
17%
DIVODVRVM Metz
14%
SAMAROBRIVA Amiens
11%
FORVM IVLII Fréjus
11%
AVGVSTODVNVM Autun
9%
AVARICVM Bourges
9%
LEMONVM Poitiers
7%
CVLARO Grenoble
6%
VESVNNA Périgueux
6%
AVGVSTONEMETVM Clermont-Ferrand
5%
IVLIOMAGVS Angers
4%
ANDEMANTVNNVM Langres
3%
DARIORITVM Vannes
2%
Aucun quiz correspondant
Distribution des résultats
% des personnes avec chaque résultat
Percentile par nombre de réponses
Votre historique - résultats
Vous n’avez pas pris ce quiz